Teatro

Na minha lista:
Detalhes bibliográficos
Autor principal: Mira de Amescua, Antonio (autor)
Formato: Livro
Idioma:espanhol
Publicado em: Madrid Espasa-Calpe 1943
Colecção:Clásicos castellanos, 70-82
Assuntos:
Tags: Adicionar Tag
Sem tags, seja o primeiro a adicionar uma tag!

MARC

LEADER 00000nam a2200000 a 4500
001 UCX4985
003 CL-VaPUC
008 920819e19430000SP |||||||||||||||||spa|d
082 0 4 |a 862  |b MIR  |2 21 
100 |a Mira de Amescua, Antonio  |e autor  |9 420083 
245 1 0 |a Teatro 
300 |a 2 v 
942 |c BK 
945 |d 19920819 00:00:00 
260 |a Madrid  |b Espasa-Calpe  |c 1943 
650 0 |a Dramas españoles  |9 267081 
583 |a last modification  |c 19920819 00:00:00  |k Rodrigo Vera 
490 0 |a Clásicos castellanos, 70-82 
999 |c 225345  |d 225343 
952 |0 0  |1 0  |4 0  |6 862_000000000000000_MIR_1943  |7 0  |8 A  |9 222799  |a FDOPOS  |b FDOPOS  |d 2019-11-15  |h v.1  |i 291557K  |o 862 MIR 1943  |p 291557K  |r 2025-01-22  |w 2019-11-15  |y BK  |k MLH 
952 |0 0  |1 0  |4 0  |6 862_000000000000000_MIR_1943  |7 0  |8 A  |9 222800  |a FDOPOS  |b FDOPOS  |d 2019-11-15  |h v.2  |i 2915588  |o 862 MIR 1943  |p 2915588  |r 2025-01-22  |w 2019-11-15  |y BK  |k MLH